000 00326nam a2200145Ia 4500
100 _aGilbert/ Stephen/ Mc Garthy/ Bill
942 _cBK
654 _aComputer
245 _aObject Oriented Design in Java
260 _bTechmedia
_c1998
082 _a005.133'J'
_bGIL/
300 _a720
546 _aENGLISH
999 _c30358
_d30358